00325nam a2200121Ia 4500008004000000082001300040100001900053245005200072250000500124260004200129300001200171650002000183210210b1980 xxu||||| |||| 00| 0 eng d a954 MAHH aMAHAJAN (V D). aHistory of India Part-I. (ancient India). Ed 1. a aNew Delhi.bS. Chand & Co. Ltd.c1980 avii,268 aAncient India